MARC

LEADER 00000nam0a2200000 4500
001 103926
005 20231031113814.0
035 |a (RuTPU)RU\TPU\book\112032 
090 |a 103926 
100 |a 20061024d1984 km y0rusy50 ca 
101 0 |a rus 
102 |a RU 
105 |a a b 001zy 
200 1 |a Современные промышленные роботы  |e каталог  |f под ред. Ю. Г. Козырева; Я. А. Шифрина 
210 |a Москва  |c Машиностроение  |d 1984 
215 |a 152 с.  |c ил. 
225 1 |a Автоматические манипуляторы и робототехнические системы 
320 |a Указатель государств и фирм-изготовителей роботов: с. 143-149 
610 1 |a каталоги 
610 1 |a роботы 
610 1 |a промышленные роботы 
610 1 |a манипуляторы 
610 1 |a комплектующие изделия 
610 1 |a программное управление 
610 1 |a информационные системы 
610 1 |a электроприводы 
610 1 |a гидрооборудование 
610 1 |a пневмооборудование 
610 1 |a технические характеристики 
610 1 |a фирмы-изготовители 
610 1 |a государства 
675 |a 621.865.8(085)  |v 3 
702 1 |a Козырев  |b Ю. Г.  |4 340 
702 1 |a Шифрин  |b Я. А.  |4 340 
801 1 |a RU  |b 63413507  |c 20061024  |g PSBO 
801 2 |a RU  |b 63413507  |c 20200929  |g PSBO 
942 |c BK